Online
Catalog

La comunicación masiva en las democracias : (Record no. 35871)

MARC details
000 -CABECERA
campo de control de longitud fija 00551nam a2200157 a 4500
001 - NÚMERO DE CONTROL
campo de control 000036380
005 - FECHA Y HORA DE LA ÚLTIMA TRANSACCIÓN
campo de control 20200930075711.0
008 - DATOS DE LONGITUD FIJA--INFORMACIÓN GENERAL
campo de control de longitud fija 120116s1977 mx 000 0 spa d
040 ## - FUENTE DE LA CATALOGACIÓN
Centro catalogador/agencia de origen DO-SdBNP
Lengua de catalogación spa
Centro/agencia transcriptor BNPHU
082 ## - NÚMERO DE LA CLASIFICACIÓN DECIMAL DEWEY
Número de clasificación XXX
Número de documento/Ítem C741m
245 03 - MENCIÓN DE TÍTULO
Título La comunicación masiva en las democracias :
Resto del título manual del periodista moderno /
Mención de responsabilidad, etc. por Robert D. Novak ... [et al.] ; editado por Harry M. Clor.
260 ## - PUBLICACIÓN, DISTRIBUCIÓN, ETC.
Lugar de publicación, distribución, etc. México :
Nombre del editor, distribuidor, etc. Editores Asociados,
Fecha de publicación, distribución, etc. 1977.
300 ## - DESCRIPCIÓN FÍSICA
Extensión 211 p. ;
Dimensiones 19 cm.
700 1# - PUNTO DE ACCESO ADICIONAL--NOMBRE DE PERSONA
Nombre de persona Novak, Robert D.
9 (RLIN) 62573
700 1# - PUNTO DE ACCESO ADICIONAL--NOMBRE DE PERSONA
Nombre de persona Clor, Harry M.,
Término indicativo de función/relación ed.
9 (RLIN) 62574
Holdings
Estado de retiro Estado de pérdida Restricciones de uso No para préstamo Código de colección Localización permanente Ubicación/localización actual Ubicación en estantería Fecha de adquisición Número de inventario Total de préstamos Signatura topográfica completa Código de barras Fecha visto por última vez Precio válido a partir de Tipo de ítem Koha
        Monografías: Libros y Folletos General General En catalogación 16.01.2012 LF1   XXX C741m 36381-10 25.06.2020 25.06.2020 Préstamo en sala

Powered by Koha